[Event "Six Seasons WIM"]
[Site "Narayanganj BAN"]
[Date "2010.05.23"]
[Round "1"]
[White "Sultana,S"]
[Black "Rahman,SM"]
[Result "0-1"]
[WhiteElo "1980"]
[BlackElo "2288"]
[EventDate "2010.05.23"]

1. d4 d5 2. c4 c6 3. Nc3 Nf6 4. e3 a6 5. Qc2 e6 6. b3 Nbd7 7. Nf3 Bd6 8.
Bb2 O-O 9. Bd3 c5 10. O-O b6 11. cxd5 cxd4 12. Ne4 Nxe4 13. dxe6 Ndc5 14.
exf7+ Rxf7 15. Bxe4 d3 16. Qc4 Be6 17. Qd4 Nxe4 18. Qxe4 Bd5 19. Qg4 Bxf3
20. gxf3 Rc8 21. f4 d2 22. Rfd1 Rc2 23. Bd4 Bxf4 24. Qe2 Qg5+ 25. Kh1 Bxh2
26. Kxh2 Rc6 27. Bxg7 Rxg7 0-1

[Event "Six Seasons WIM"]
[Site "Narayanganj BAN"]
[Date "2010.05.23"]
[Round "1"]
[White "Shamima,A"]
[Black "Dutta,J"]
[Result "1/2-1/2"]
[WhiteElo "2122"]
[BlackElo "2341"]
[EventDate "2010.05.23"]

1. d4 c5 2. d5 e5 3. c4 d6 4. e4 g6 5. Nc3 Bg7 6. Be2 a6 7. g4 Nd7 8. Be3
Bh6 9. Bxh6 Nxh6 10. Qd2 Ng8 11. h4 h6 12. Nf3 Ndf6 13. Nh2 Bd7 14. f3 Qe7
15. Nf1 h5 16. g5 Nh7 17. Rg1 f6 18. a4 fxg5 19. hxg5 Qf7 20. a5 Rc8 21.
Na4 Bxa4 22. Rxa4 Qf4 23. b4 Nf8 24. bxc5 Rxc5 25. Kf2 Rh7 26. Qxf4 exf4
27. Nd2 Nd7 28. e5 dxe5 29. Bd3 Rg7 30. Rb1 Rc7 31. Ne4 Nc5 32. Nxc5 Rxc5
33. Rb6 Kd8 34. Rxg6 Rxg6 35. Bxg6 h4 36. Bh7 Ne7 37. d6 e4 38. dxe7+ Kxe7
39. Bxe4 Rxg5 40. Bxb7 h3 41. Ra1 Rg2+ 42. Kf1 Rb2 43. Re1+ Kf6 44. Kg1
Rxb7 45. Kh2 Rb3 46. Kxh3 Rxf3+ 47. Kg4 Rc3 48. Rb1 Rxc4 49. Rb6+ Ke5 50.
Rxa6 Rc3 51. Ra8 Rg3+ 52. Kh4 Ra3 53. Kg4 Rg3+ 54. Kh4 Ra3 1/2-1/2

[Event "Six Seasons WIM"]
[Site "Narayanganj BAN"]
[Date "2010.05.24"]
[Round "2"]
[White "Rahman,SM"]
[Black "Shamima,A"]
[Result "0-1"]
[WhiteElo "2288"]
[BlackElo "2122"]
[EventDate "2010.05.23"]

1. c4 e5 2. Nc3 Nf6 3. g3 d5 4. cxd5 Nxd5 5. Bg2 Nb6 6. Nf3 Nc6 7. O-O Be7
8. d3 O-O 9. a3 Be6 10. b4 a5 11. b5 Nd4 12. Bb2 Bb3 13. Qd2 f6 14. Rac1
Qd7 15. Nxd4 exd4 16. Nb1 Qxb5 17. Rxc7 Bd8 18. Rcc1 Bd5 19. Bxd5+ Qxd5 20.
Qf4 Qe5 21. Bxd4 Qxe2 22. Qd6 Qxd3 23. Qe6+ Kh8 24. Bxb6 Qa6 25. Qc4 Qxc4
26. Rxc4 Bxb6 27. Nd2 Rfd8 28. Ne4 f5 29. Rb1 Rd4 30. Rxd4 Bxd4 31. Nd6 b6
32. Nxf5 Bc5 33. a4 Re8 34. Rb2 g6 35. Nh4 Re4 36. Ra2 Kg7 37. Nf3 Kf6 38.
Kf1 h5 39. h3 g5 40. Ra1 g4 41. hxg4 hxg4 42. Nd2 Rb4 43. Ke2 Ke5 44. f3
gxf3+ 45. Kxf3 Kf5 46. Ra2 Rd4 47. Kg2 Kg4 48. Nf3 Re4 49. Nh2+ Kg5 50.
Nf3+ Kg4 51. Nh2+ Kf5 52. Kh3 Re3 53. Kg2 Rb3 54. Nf1 Kg4 55. Nh2+ Kg5 56.
Nf3+ Kf5 57. Nd2 Rd3 58. Nc4 Rc3 59. Nd2 Ke5 60. Nf3+ Ke4 61. Ng5+ Kd3 62.
Ne6 Bd6 63. Nf4+ Kc4 64. Ne2 Rd3 65. g4 Re3 66. Kf2 Bc5 67. Rc2+ Rc3+ 0-1

[Event "Six Seasons WIM"]
[Site "Narayanganj BAN"]
[Date "2010.05.24"]
[Round "2"]
[White "Mohammed Abdul,M"]
[Black "Enkhtuul,A"]
[Result "1/2-1/2"]
[WhiteElo "2259"]
[BlackElo "2133"]
[EventDate "2010.05.23"]

1. Nf3 Nf6 2. d4 b6 3. g3 Bb7 4. Bg2 e6 5. O-O c5 6. e3 Be7 7. c4 O-O 8.
Nc3 d6 9. h3 a6 10. a4 Qc7 11. d5 exd5 12. cxd5 Re8 13. e4 Nbd7 14. Re1 Bf8
15. g4 Ne5 16. Nxe5 dxe5 17. Rf1 Bd6 18. Kh1 Nd7 19. Rg1 Nf8 20. Qe2 Qe7
21. Nd1 Ng6 22. Ne3 Nf4 23. Qf3 g6 24. Nc4 b5 25. Na5 Qc7 26. Bd2 Bc8 27.
Nc6 Bd7 28. axb5 axb5 29. Rxa8 Rxa8 30. Bxf4 exf4 31. e5 Bxe5 32. d6 Bxd6
33. Ne7+ Bxe7 34. Qxa8+ Kg7 35. b3 Be6 36. Bd5 Qe5 37. Bxe6 Qxe6 38. Qf3
Bf6 39. Rd1 b4 40. Rd5 Bd4 41. Kg2 h6 42. Rd8 Bf6 43. Rd5 Bc3 44. Rxc5 Qxb3
45. Qxf4 Qd1 46. Qf3 Qd6 47. Rc6 Qe5 48. Rb6 Qc7 49. Rc6 Qe5 50. Rc4 Qe6
51. Rc7 Bd4 52. Rb7 Bc3 53. h4 Qf6 54. Qxf6+ Kxf6 55. Kf3 Ke6 56. Ke2 Bf6
57. h5 gxh5 58. gxh5 Be7 59. Kd3 Bc5 60. f3 f6 61. Rh7 Bf8 62. Kc4 f5 63.
Rh8 Kf7 64. Rh7+ Bg7 65. Kxb4 Kg8 66. Rxg7+ Kxg7 67. Kc5 f4 68. Kd5 Kf6 69.
Ke4 Kg5 70. Ke5 Kxh5 71. Kf5 Kh4 72. Kxf4 h5 73. Ke5 Kg3 74. f4 h4 75. f5
h3 76. f6 h2 77. f7 h1=Q 78. f8=Q Qe1+ 79. Kf6 Qf2+ 80. Kg7 Qxf8+ 81. Kxf8
1/2-1/2

[Event "Six Seasons WIM"]
[Site "Narayanganj BAN"]
[Date "2010.05.24"]
[Round "3"]
[White "Sultana,S"]
[Black "Mohammed Abdul,M"]
[Result "0-1"]
[WhiteElo "1980"]
[BlackElo "2259"]
[EventDate "2010.05.23"]

1. d4 Nf6 2. c4 e6 3. Nc3 Bb4 4. Bg5 h6 5. Bh4 O-O 6. e3 d5 7. Nf3 c5 8.
Qc2 cxd4 9. exd4 Nc6 10. Rd1 Be7 11. a3 a6 12. Ne5 Nd7 13. Bg3 Ndxe5 14.
dxe5 d4 15. f4 Qa5 16. b4 Qxa3 17. Nb1 Bxb4+ 18. Nd2 Qe3+ 19. Be2 Ba5 20.
Bf2 Qxf4 21. O-O Bxd2 22. Rxd2 Qxe5 23. Rfd1 Qc5 24. Bf3 e5 25. Qe4 Be6 0-1

[Event "Six Seasons WIM"]
[Site "Narayanganj BAN"]
[Date "2010.05.24"]
[Round "3"]
[White "Dutta,J"]
[Black "Rahman,SM"]
[Result "1/2-1/2"]
[WhiteElo "2341"]
[BlackElo "2288"]
[EventDate "2010.05.23"]

1. c4 e5 2. Nc3 Nf6 3. g3 d5 4. cxd5 Nxd5 5. Bg2 Nb6 6. Nf3 Nc6 7. d3 Be7
8. a3 a5 9. O-O O-O 10. Be3 Be6 11. Na4 Nxa4 12. Qxa4 f6 13. Rfc1 Rb8 14.
Nd2 Bd5 15. Bxd5+ Qxd5 16. Qc4 Rfd8 17. Rc2 Qxc4 18. Rxc4 Kf7 19. Rac1 Ke6
20. R1c2 g5 21. g4 h5 22. h3 hxg4 23. hxg4 Rh8 24. Ne4 Bd6 25. Ng3 Ne7 26.
Rc1 Nd5 27. Kg2 Rbg8 28. Nf5 Rh7 29. Rh1 Rgh8 30. Rxh7 Rxh7 31. Bd2 b6 32.
Ng3 c5 33. Ne4 Rh4 34. f3 Rh8 35. a4 Be7 36. Rc1 Rh7 37. Rh1 Rxh1 38. Kxh1
Kd7 39. Kg2 Kc6 40. b3 Nb4 41. Kf2 Nc2 42. Bc3 Nd4 43. Bxd4 cxd4 44. Ke1
Bb4+ 45. Kd1 Be7 46. Kc2 Kd5 47. b4 axb4 48. Kb3 Kc6 49. Kc4 Kc7 50. Nd2
Kc6 51. Nb3 Bf8 52. Na1 Be7 53. Nc2 Bf8 54. Nxb4+ Bxb4 55. Kxb4 Kc7 56. Kc4
Kc6 57. Kb4 Kc7 58. Kb5 Kb7 59. a5 bxa5 60. Kxa5 Ka7 61. Kb5 Kb7 62. Kc5
Kc7 63. Kd5 Kd7 64. Kc5 Kc7 1/2-1/2

[Event "Six Seasons WIM"]
[Site "Narayanganj BAN"]
[Date "2010.05.25"]
[Round "4"]
[White "Mohammed Abdul,M"]
[Black "Shamima,A"]
[Result "1-0"]
[WhiteElo "2259"]
[BlackElo "2122"]
[EventDate "2010.05.23"]

1. d4 d5 2. c4 c6 3. Nf3 Nf6 4. e3 e6 5. Bd3 Nbd7 6. O-O Bd6 7. Nbd2 O-O 8.
e4 dxe4 9. Nxe4 Nxe4 10. Bxe4 f5 11. Bc2 h6 12. Qe2 Qf6 13. Re1 Re8 14. Ne5
Nf8 15. Bf4 Rd8 16. c5 Bb8 17. Rad1 g5 18. Bc1 a5 19. Bb3 a4 20. Bc4 Bc7
21. Rd3 Qg7 22. Red1 Nh7 23. h4 Nf6 24. hxg5 hxg5 25. Rh3 Ne4 26. Rh5 Kf8
27. Nf3 Qg6 28. Nxg5 Nf6 29. Rh6 Qg7 30. Rxf6+ 1-0

[Event "Six Seasons WIM"]
[Site "Narayanganj BAN"]
[Date "2010.05.25"]
[Round "5"]
[White "Shamima,A"]
[Black "Enkhtuul,A"]
[Result "0-1"]
[WhiteElo "2122"]
[BlackElo "2133"]
[EventDate "2010.05.23"]

1. d4 Nf6 2. c4 c5 3. d5 b5 4. cxb5 a6 5. b6 g6 6. Nc3 d6 7. e4 Bg7 8. Bd3
O-O 9. h3 Nbd7 10. Nf3 Nxb6 11. O-O e6 12. dxe6 Bxe6 13. e5 dxe5 14. Nxe5
Nfd5 15. Nf3 Nxc3 16. bxc3 Bxc3 17. Bh6 Bg7 18. Bxg7 Kxg7 19. Qc2 c4 20.
Be4 Rb8 21. Rad1 Qf6 22. Rd6 Rfd8 23. Rfd1 Rxd6 24. Rxd6 Nc8 25. Rxa6 Rb2
26. Qc1 c3 27. Rc6 Re2 28. Bd3 Ne7 29. Qxc3 Rxa2 30. Qxf6+ Kxf6 31. Ra6
Rxa6 32. Bxa6 Bd5 33. Be2 Nf5 34. Kf1 Nd6 35. Nd2 Ke5 36. f3 h5 37. Kf2 h4
38. Nf1 Be6 39. Ne3 Kf4 40. Bd3 Bb3 41. Ng4 f5 42. Ne3 Ke5 43. Bb1 Kd4 44.
Nc2+ Bxc2 45. Bxc2 g5 46. g3 f4 47. gxh4 gxh4 48. Ba4 Kd3 49. Bd7 Kd2 50.
Be6 Nb7 51. Bd5 Nc5 52. Bc6 Nd3+ 53. Kf1 Ke3 54. Bb7 Ne5 55. Kg2 Ke2 56.
Ba6+ Nd3 57. Bb5 Ke3 58. Kf1 Ne5 59. Kg2 Nxf3 60. Ba6 Ng5 61. Bc8 f3+ 62.
Kf1 Kf4 63. Kf2 Ne4+ 64. Kg1 Kg3 65. Ba6 Ng5 66. Bb5 Nxh3+ 67. Kh1 Nf4 68.
Kg1 h3 69. Kh1 Ne2 70. Ba6 Nc3 71. Bd3 Nd1 0-1

[Event "Six Seasons WIM"]
[Site "Narayanganj BAN"]
[Date "2010.05.26"]
[Round "6"]
[White "Sultana,S"]
[Black "Shamima,A"]
[Result "0-1"]
[WhiteElo "1980"]
[BlackElo "2122"]
[EventDate "2010.05.23"]

1. d4 d5 2. c4 c6 3. Nc3 Nf6 4. e3 a6 5. Qc2 b5 6. b3 Bg4 7. Nge2 Nbd7 8.
f3 Bh5 9. Nf4 Bg6 10. Nxg6 hxg6 11. c5 e5 12. Bb2 Qc7 13. g3 Be7 14. Bd3
exd4 15. exd4 Nf8 16. O-O-O Ne6 17. Qf2 g5 18. Rde1 a5 19. Kb1 Nd7 20. Bc1
Bf6 21. Bxg5 Bxg5 22. f4 Be7 23. f5 Nexc5 24. dxc5 Ne5 25. Bxb5 Kf8 26. Bf1
f6 27. h3 Rb8 28. Rc1 Kf7 29. Na4 Rb4 30. Ka1 Rhb8 31. Qc2 Nd7 32. Bd3 Rxa4
33. bxa4 Bxc5 34. Qe2 Bd4+ 35. Rc3 Qe5 36. Rhc1 Nc5 37. Qc2 Nxa4 0-1

[Event "Six Seasons WIM"]
[Site "Narayanganj BAN"]
[Date "2010.05.27"]
[Round "7"]
[White "Rahman,SM"]
[Black "Enkhtuul,A"]
[Result "1-0"]
[WhiteElo "2288"]
[BlackElo "2133"]
[EventDate "2010.05.23"]

1. e4 Nf6 2. e5 Nd5 3. d4 d6 4. c4 Nb6 5. Nf3 Bg4 6. exd6 exd6 7. h3 Bh5 8.
Be2 Be7 9. O-O O-O 10. Nc3 Bg6 11. Bf4 Bf6 12. Qb3 Qe7 13. Rfe1 Nc6 14.
Rad1 a5 15. c5 dxc5 16. dxc5 a4 17. Qa3 Bxc3 18. Qxc3 Qe4 19. Bg3 Nd5 20.
Qd2 Rfd8 21. Ba6 Ndb4 22. Rxe4 Rxd2 23. Rxd2 Bxe4 24. Bxb7 Ra7 25. Bxc6
Nxc6 26. Rd7 a3 27. bxa3 Rxa3 28. Ng5 f5 29. Rxc7 Nd8 30. Nxe4 fxe4 31. Rc8
Rd3 32. Bd6 Kf7 33. Rxd8 Rd1+ 34. Kh2 Rd2 35. c6 Rxf2 36. Rf8+ Ke6 37. Rxf2
Kxd6 38. Rc2 e3 39. Kg3 e2 40. Kf2 Kc7 41. h4 h5 42. g3 g6 43. Ke1 Kc8 44.
c7 1-0

[Event "Six Seasons WIM"]
[Site "Narayanganj BAN"]
[Date "2010.05.27"]
[Round "8"]
[White "Rahman,SM"]
[Black "Sultana,S"]
[Result "1-0"]
[WhiteElo "2288"]
[BlackElo "1980"]
[EventDate "2010.05.23"]

1. e4 c5 2. Nf3 e6 3. d3 Nc6 4. g3 d5 5. Nbd2 Nf6 6. Bg2 Be7 7. O-O O-O 8.
e5 Nd7 9. Re1 Qc7 10. Qe2 h6 11. h4 g6 12. c4 d4 13. Ne4 Ndxe5 14. Bxh6 Rd8
15. Bg5 Nxf3+ 16. Qxf3 Bxg5 17. hxg5 Qe7 18. Qf4 Kg7 19. Qf6+ Kg8 20. Qxe7
Nxe7 21. Nxc5 Rb8 22. Ne4 Nc6 23. a3 a5 24. Bf3 Kf8 25. Nf6 Ke7 26. Kg2 Bd7
27. Rac1 Rh8 28. c5 Kd8 29. Rc4 Kc7 30. b4 axb4 31. axb4 b5 32. cxb6+ Rxb6
33. b5 1-0

[Event "Six Seasons WIM"]
[Site "Narayanganj BAN"]
[Date "2010.05.28"]
[Round "9"]
[White "Mohammed Abdul,M"]
[Black "Sultana,S"]
[Result "1-0"]
[WhiteElo "2259"]
[BlackElo "1980"]
[EventDate "2010.05.23"]

1. d4 d5 2. c4 c6 3. Nf3 Nf6 4. e3 Bf5 5. Bd3 Bxd3 6. Qxd3 e6 7. O-O Nbd7
8. Nc3 Be7 9. e4 dxe4 10. Nxe4 O-O 11. Ng3 Qc7 12. Qe2 Bd6 13. b3 c5 14.
Bb2 Rfe8 15. Rad1 Rad8 16. Rd3 Ng4 17. Ng5 Ngf6 18. dxc5 Bxc5 19. N3e4 Be7
20. Nxf7 Nxe4 21. Nxd8 Bxd8 22. Qxe4 Nc5 23. Qe2 Nxd3 24. Qxd3 e5 25. Re1
Bf6 26. Qd5+ Qf7 27. f4 e4 28. Bxf6 Qxd5 29. cxd5 gxf6 30. Kf2 f5 31. Ke3
Kf7 32. Rc1 Re7 33. Kd4 Kf6 34. d6 Rd7 35. Kd5 Kf7 36. Rc7 Ke8 37. Ke6 Rd8
38. Rxh7 1-0

[Event "Six Seasons WIM"]
[Site "Narayanganj BAN"]
[Date "2010.05.28"]
[Round "9"]
[White "Rahman,SM"]
[Black "Dutta,J"]
[Result "0-1"]
[WhiteElo "2288"]
[BlackElo "2341"]
[EventDate "2010.05.23"]

1. e4 e5 2. Nf3 Nc6 3. Bb5 a6 4. Ba4 d6 5. c3 f5 6. exf5 Bxf5 7. O-O Bd3 8.
Re1 Be7 9. Re3 e4 10. Ne1 Bg5 11. Nxd3 Bxe3 12. Nb4 Bxf2+ 13. Kxf2 Qh4+ 14.
Kg1 Nh6 15. Nxc6 O-O 16. h3 Rf2 17. Ne7+ Kh8 18. Nd5 Raf8 19. Ne3 R8f3 20.
Bd7 Nf7 21. d4 Qg3 22. Qe1 Rxe3 23. Qxf2 Re1+ 24. Qf1 e3 25. Nd2 Qf2+ 0-1

[Event "Six Seasons WIM"]
[Site "Narayanganj BAN"]
[Date "2010.05.29"]
[Round "11"]
[White "Shamima,A"]
[Black "Mohammed Abdul,M"]
[Result "0-1"]
[WhiteElo "2122"]
[BlackElo "2259"]
[EventDate "2010.05.23"]

1. d4 Nf6 2. c4 e6 3. Nc3 d5 4. Bf4 Bd6 5. Bg5 c6 6. Nf3 h6 7. Bxf6 Qxf6 8.
Qc2 Nd7 9. a3 O-O 10. h4 Re8 11. e3 e5 12. cxd5 exd4 13. Ne4 Qg6 14. Bd3
dxe3 15. O-O-O Bf4 16. Kb1 cxd5 17. Nc3 Qxg2 18. Nxd5 Qxf3 19. fxe3 Bd6 20.
Rhf1 Qg3 21. Bb5 Re6 22. h5 a6 23. Bc4 b5 24. Ba2 Bb7 25. Rxf7 Nc5 26. Rxb7
Nxb7 27. Nf4 Bxf4 28. Bxe6+ Kh8 29. exf4 Rf8 30. Qc6 Nd8 31. Qxa6 Qxf4 32.
Bb3 Qf5+ 33. Bc2 Qxh5 34. Qd6 Qe8 35. Qd3 g6 36. Qd4+ Kh7 37. Qa7+ Rf7 38.
Qb6 Ne6 39. Re1 Rf6 40. Bb3 Qd8 41. Qb7+ Ng7 42. Re7 Rf1+ 43. Ka2 Qf8 44.
Bc2 Rf2 45. Bd3 Qf6 46. Rxg7+ Qxg7 47. Qxb5 Rf7 48. Qc6 h5 49. Qd5 Kh6 50.
Bc4 Rf2 51. Qb5 h4 52. a4 Qd4 53. a5 h3 54. Bd3 h2 55. Qa6 Qxb2+ 0-1

[Event "Six Seasons WIM"]
[Site "Narayanganj BAN"]
[Date "2010.05.29"]
[Round "11"]
[White "Sultana,S"]
[Black "Enkhtuul,A"]
[Result "0-1"]
[WhiteElo "1980"]
[BlackElo "2133"]
[EventDate "2010.05.23"]

1. Nf3 Nf6 2. c4 b6 3. d4 e6 4. Nc3 Bb4 5. Bg5 Bb7 6. e3 h6 7. Bh4 Be7 8.
Bd3 d5 9. Qc2 O-O 10. Bg3 c5 11. Rd1 Nc6 12. a3 cxd4 13. exd4 dxc4 14. Bxc4
Na5 15. Be2 Rc8 16. Qd3 Nc4 17. Rb1 b5 18. O-O Qa5 19. Rfc1 a6 20. Ne5 Nxb2
21. Rxb2 Qxa3 22. Rbc2 b4 23. Nd1 Rxc2 24. Rxc2 Be4 25. Qxa3 bxa3 26. Bd3
Bd5 27. Bc4 Rc8 28. Ne3 Be4 29. Ra2 Rb8 30. f3 Rb1+ 31. Nf1 Bd5 32. Bf4 Bb4
33. Bd2 a5 34. h4 Rd1 35. Kf2 Rb1 36. Ke2 h5 37. Ne3 Rb2 38. Rxb2 axb2 39.
Bd3 Ba2 40. Nc6 Nd5 41. Nxd5 exd5 0-1

[Event "Six Seasons WIM"]
[Site "Narayanganj BAN"]
[Date "2010.05.30"]
[Round "12"]
[White "Mohammed Abdul,M"]
[Black "Dutta,J"]
[Result "0-1"]
[WhiteElo "2259"]
[BlackElo "2341"]
[EventDate "2010.05.23"]

1. d4 Nf6 2. Nf3 g6 3. g3 Bg7 4. Bg2 O-O 5. O-O d6 6. c4 Nbd7 7. Nc3 e5 8.
d5 a5 9. Qc2 Nc5 10. e4 Bd7 11. Ne1 Ne8 12. Nd3 b6 13. Bd2 f5 14. Nxc5 bxc5
15. Bh3 Rb8 16. f3 Qc8 17. Rab1 Nf6 18. Rbe1 Rf7 19. a4 f4 20. Bxd7 Qxd7
21. Kg2 g5 22. gxf4 gxf4 23. Nd1 Bh6 24. Nf2 Bg5 25. Rg1 Bh4 26. Kh1+ Kh8
27. Bc3 Bxf2 28. Qxf2 Qxa4 29. Qf1 Qd7 30. Re2 a4 31. Be1 Rg8 32. Reg2 Rfg7
33. Bh4 Ne8 34. Rxg7 Rxg7 35. Rxg7 Kxg7 36. Qg2+ Kf8 37. Qg5 Qg7 38. Qxg7+
Nxg7 39. Bd8 Ke8 40. Bxc7 Kd7 41. Ba5 Ne8 42. Kg2 Nf6 43. Kh3 Ke7 44. Kh4
h6 45. Be1 Kf7 46. Kh3 Ke8 47. Bh4 Nd7 48. Kg4 Nb6 49. Be1 Nxc4 50. Bc3
Ne3+ 51. Kh5 Nd1 52. Bd2 Nxb2 53. Kxh6 Kf7 54. Kg5 a3 55. Bc1 c4 0-1

[Event "Six Seasons WIM"]
[Site "Narayanganj BAN"]
[Date "2010.05.30"]
[Round "13"]
[White "Dutta,J"]
[Black "Enkhtuul,A"]
[Result "1-0"]
[WhiteElo "2341"]
[BlackElo "2133"]
[EventDate "2010.05.23"]

1. c4 Nf6 2. d4 e5 3. dxe5 Ng4 4. Nf3 Nc6 5. e3 Ngxe5 6. Be2 Be7 7. Nc3 O-O
8. O-O d6 9. Nd5 Be6 10. b3 Bf6 11. Nxf6+ Qxf6 12. Nd4 Nxd4 13. Qxd4 c5 14.
Qd2 Rad8 15. e4 Ng4 16. Bb2 Qh4 17. Qf4 g5 18. Qg3 Qxg3 19. hxg3 f5 20.
exf5 Bxf5 21. Bf3 h6 22. Bxb7 Bd3 23. Rfd1 Nxf2 24. Bd5+ Kh7 25. Rxd3 Nxd3
26. Be4+ Kg8 27. Bxd3 Rde8 28. Rd1 Re3 29. g4 Kf7 30. Kf2 Ree8 31. Bf5 Rd8
32. Kf3 a5 33. Bc3 Kg8 34. Rd2 h5 35. Bxa5 Rde8 36. Rxd6 Ra8 37. Bc3 hxg4+
38. Kxg4 Rxa2 39. Be6+ Kh7 40. Bd5 Re2 41. Kh5 1-0

[Event "Six Seasons WIM"]
[Site "Narayanganj BAN"]
[Date "2010.05.31"]
[Round "14"]
[White "Enkhtuul,A"]
[Black "Rahman,SM"]
[Result "0-1"]
[WhiteElo "2133"]
[BlackElo "2288"]
[EventDate "2010.05.23"]

1. b4 d5 2. Bb2 c6 3. e3 Nf6 4. c4 e6 5. a3 Nbd7 6. Nf3 Bd6 7. d4 O-O 8.
Bd3 dxc4 9. Bxc4 a5 10. b5 Nb6 11. Bd3 Bd7 12. bxc6 Bxc6 13. O-O Na4 14.
Bc1 Qd7 15. Qe2 Ne4 16. Nfd2 Nxd2 17. Bxd2 Nb2 18. Nc3 Nxd3 19. Qxd3 a4 20.
e4 Rfd8 21. Qb1 Be5 22. dxe5 Qxd2 23. Nb5 Qa5 24. Nd6 Qxe5 25. Nc4 Qxe4 26.
Qxe4 Bxe4 27. Nb6 Ra6 28. Rfd1 Rxd1+ 29. Rxd1 g6 30. Nd7 Bc6 31. Ne5 Kg7
32. f3 Kf6 33. Ng4+ Ke7 34. Ne5 Bd5 35. Rc1 f6 36. Nd3 Rc6 37. Rb1 Rc3 38.
Nb4 Rb3 39. Re1 Kd6 40. Nc2 Kc5 41. Kf1 Bc4+ 42. Kg1 Rc3 43. Ne3 Rxa3 44.
Nxc4 Kxc4 45. Rxe6 Rb3 46. Re8 Rb6 47. Re4+ Kb5 48. Kf1 a3 49. Re1 a2 50.
Ra1 Ra6 51. Ke1 Kb4 52. Kd1 Kb3 53. Kc1 Rd6 54. g3 h5 55. f4 g5 56. fxg5
fxg5 57. h3 b5 58. g4 hxg4 59. hxg4 b4 60. Rxa2 Kxa2 61. Kc2 Rd7 62. Kc1
Kb3 63. Kb1 Rd1+ 0-1